000 00675nam a2200277Ia 4500
005 20260324132705.0
008 008 260324s9999 xx 000 0 eng d
020 _a9781315609690
037 _aEBOOK
040 _aCRL
040 _beng
040 _cCRL
041 _2eng
041 _aeng
084 _qCRL
100 _aNick Gould; Mark Baldwin
_91190251
245 0 _aSocial Work, Critical Reflection and the Learning Organization
260 _bTaylor and Francis
260 _c2004
365 _a
365 _b230
856 _uhttp://www.taylorfrancis.com/books/9781315609690
942 _cEBOOK
999 _c1788573
_d1788573